000 00807nam a22002417a 4500
082 _a581.1
_bSAL
_cN-01, P-155
100 _aSalisbury.
_940335
245 _aPlant physiology /
_cSalisbury & Ross
260 _aPakistan :
_bNational Book Foundation,
_c.
300 _a539 p. :
526 _a0
_b0
_c0
_d581_100000000000000_SAL
526 _a0
_b0
_c0
_d581_100000000000000_SAL
526 _a0
_b0
_c0
_d581_100000000000000_SAL
526 _a0
_b0
_c0
_d581_100000000000000_SAL
526 _a0
_b0
_c0
_d581_100000000000000_SAL
526 _a0
_b0
_c0
_d581_100000000000000_SAL
526 _a0
_b0
_c0
_d581_100000000000000_SAL
526 _a0
_b0
_c0
_d581_100000000000000_SAL
526 _a0
_b0
_c0
_d581_100000000000000_SAL
526 _a0
_b0
_c0
_d581_100000000000000_SAL
650 _aNUST
_96342
942 _2ddc
_cBK
999 _c544664
_d544664